|
|
|
|
| LEADER |
00000cam a2200000 7i4500 |
| 001 |
0000000708 |
| 005 |
20240919.0 |
| 008 |
991124 ilu a eng |
| 020 |
|
|
|a 0673104281
|
| 040 |
|
|
|a INS
|b eng
|e rda
|
| 090 |
0 |
0 |
|a LB1573
|b .R42 1977
|
| 245 |
1 |
0 |
|a Reading Tactics B
|c Olive Stafford Niles, Milderd Dougherty, David Memory
|
| 264 |
|
1 |
|a Glenview, Illinois :
|b Scott, Foresman
|c 1977
|
| 264 |
|
4 |
|c ©1977
|
| 300 |
|
|
|a 240 pages :
|b illustrations ;
|c 23 cm.
|
| 336 |
|
|
|a text
|2 rdacontent
|
| 337 |
|
|
|a unmediated
|2 rdamedia
|
| 338 |
|
|
|a volume
|2 rdacarrier
|
| 650 |
|
0 |
|a Reading
|
| 700 |
1 |
|
|a Dougherty, Mildred ,
|e editor
|
| 700 |
1 |
|
|a Memory, David ,
|e editor
|
| 700 |
1 |
|
|a Niles, Olive Stafford ,
|e editor
|
| 999 |
|
|
|a 0000002220
|b BOOK
|c Open Shelf
|e Default branch
|